| 000 | 01141 a2200205 4500 | ||
|---|---|---|---|
| 003 | Nust | ||
| 005 | 20230131131010.0 | ||
| 010 | _a59008838 | ||
| 040 | _cNust | ||
| 082 | _a940.546,DAV | ||
| 100 |
_aDavidson, Eugene _9108228 |
||
| 245 |
_aThe death and life of Germany; _ban account of the American occupation _cEugene Davidson, |
||
| 250 | _a1st ed | ||
| 260 |
_aKnopf _bNew York _c1959 |
||
| 300 |
_a422 p _b22 cm |
||
| 505 | _aThe Face of the Enemy (Page-3), The Faces of the Friends (Page-23), Landscape of the Moon with Figures (Page-47), Berlin and the four Powers (Page-70), The Trails (Page-97), Learning by Doing (Page-127), The Dead Center (Page-157), The Year of the Blockade (Page-182), West Germany (Page-222), Petersberg and the new Criticism (Page-249), The Recovery (Page-268), The Alliance (Page-292), The Contracts (Page-312), The Uprising of June 17, 1953 (Page-326), A Most Favored Nation (Page-348), The Way to Sovereignty (Page-359) ,A beginning (Page-382). | ||
| 600 |
_aDavidson, Eugene, _9108228 |
||
| 650 |
_aThe death and life of Germany; an account of the American occupation _9108229 |
||
| 942 |
_2ddc _cBK |
||
| 999 |
_c186076 _d186076 |
||